书目信息 |
| 书名: | Wuthering heights | |
| 作者: | ||
| 分册号: | ||
| 分册名: | 出版地: | [S.l. : |
|
| 出版社: | s.n.] | |
| 出版时间: | 19--?. | |
| 页数: | 143 p. : | |
| 开本: | 20020930 | |
| 丛书名: | ||
| 中图分类号: | ||
| 科图分类号: | ||
| 其他分类号: | H319.4 | |
| 主题词: | ||
| 电子资源: | ||
| 000 | 00615nam 2200205 a 4500 | |
| 001 | E0735355186 | |
| 005 | 20070202095044.31 | |
| 008 | eng | |
| 008 | uu | |
| 040 | @aNLC | |
| 049 | @aN5LA | |
| 090 | @a2/I561.44/-49/BE////////912531/-3/ 3cop. | |
| 090 | @aH319.4 | |
| 096 | @aI561.44-49 @v2 | |
| 099 | @dH319.4@ex176 | |
| 100 | 1 | @aBront?, Emily, @d1818-1848 |
| 245 | 10 | @aWuthering heights |
| 260 | @a[S.l. :@bs.n.],@c19--?. | |
| 300 | @a143 p. :@b00 ;@c20020930@lNLC09@h2244 :@b40 ;@c20021231@lNLC09@h1928 :@b40 ;@c20021231@lNLC09@h1928@lNLC09@h2233@lNLC09@h1825 | |
| 852 | 9 | @bWWJC @cJ08S @k2 @hI561.44-49 @iBE |
| Wuthering heights.-[S.l. : : s.n.], , 19--?. |
| 143 p. : : 00 ; ; 20020930 : 40 ; ; 20021231 : 40 ; ; 20021231 |
| ISBN |
| ● |
| 相关链接 |
|
|
|
|
正题名:Wuthering heights
索取号:H319.4/x176
 
预约/预借
| 序号 | 登录号 | 条形码 | 馆藏地/架位号 | 状态 | 备注 |
| 1 | 37742 | 202452817 | 第四借阅区/ [索取号:H319.4/x176] | 在馆 | |
| 2 | 37743 | 202452826 | 第四借阅区/ [索取号:H319.4/x176] | 在馆 |